Three plays: A slight ache, the collection, the dwarfs

Tallennettuna:
Bibliografiset tiedot
Päätekijä: Pinter, Harold
Aineistotyyppi: Kirja
Kieli:Undetermined
Julkaistu: New York, Estados Unidos Grove Press 1962
Painos:13
Aiheet:
Tagit: Lisää tagi
Ei tageja, Lisää ensimmäinen tagi!

MARC

LEADER 00000nam a2200000Ia 4500
008 170316s9999 xx 000 0 und d
040 |a cru BVZT 
090 |a 820 P-4t 
100 |a Pinter, Harold 
245 |a Three plays: A slight ache, the collection, the dwarfs 
250 |a 13 
260 |a New York, Estados Unidos 
260 |b Grove Press 
260 |c 1962 
300 |a 109 páginas 
650 |a LITERATURA INGLESA  |9 12 
999 |c 7055  |d 7055 
942 |c LIB  |h 820 P-4t  |2 z